Six Days in October : (Record no. 5393)

MARC details
000 -LEADER
fixed length control field 00990nam a22002897a 4500
001 - CONTROL NUMBER
control field 5393
003 - CONTROL NUMBER IDENTIFIER
control field FISKH
005 - DATE AND TIME OF LATEST TRANSACTION
control field 20241202123428.0
008 - FIXED-LENGTH DATA ELEMENTS--GENERAL INFORMATION
fixed length control field 241202b cb ||||| |||| 00| 0 eng d
020 ## - INTERNATIONAL STANDARD BOOK NUMBER
International Standard Book Number 9780545286077
040 ## - CATALOGING SOURCE
Original cataloging agency FISKH
Language of cataloging eng
Transcribing agency FISKH
Modifying agency FISKH
050 ## - LIBRARY OF CONGRESS CALL NUMBER
Classification number HB3717.B58
082 ## - DEWEY DECIMAL CLASSIFICATION NUMBER
Classification number 332.64
100 ## - MAIN ENTRY--PERSONAL NAME
Personal name Blumenthal, Karen
245 ## - TITLE STATEMENT
Title Six Days in October :
Remainder of title The Stock Market Crash of 1929 /
Statement of responsibility, etc. by Karen Blumenthal
250 ## - EDITION STATEMENT
Edition statement First Scholastic printing, October 2010
260 ## - PUBLICATION, DISTRIBUTION, ETC.
Place of publication, distribution, etc. New York :
Name of publisher, distributor, etc. Scholastic ;
Date of publication, distribution, etc. 2002.
300 ## - PHYSICAL DESCRIPTION
Extent 156 pages :
Other physical details illustrations ;
Dimensions 24 cm .
505 ## - FORMATTED CONTENTS NOTE
Formatted contents note Z <br/>
520 ## - SUMMARY, ETC.
Summary, etc. A comprehensive review of the events, personalities, and mistakes behind the Stock Market Crash of 1929, featuring photographs, newspaper articles, and cartoons of the day.
521 8# - TARGET AUDIENCE NOTE
Target audience note 1040 <br/>
Source Lexile <br/>
521 8# - TARGET AUDIENCE NOTE
Target audience note Z <br/>
Source Raz-Plus <br/>
650 ## - SUBJECT ADDED ENTRY--TOPICAL TERM
Topical term or geographic name entry element stock market
Form subdivision Non-fiction
650 ## - SUBJECT ADDED ENTRY--TOPICAL TERM
Topical term or geographic name entry element economics
Form subdivision Non-fiction
942 ## - ADDED ENTRY ELEMENTS (KOHA)
Source of classification or shelving scheme Dewey Decimal Classification
Koha item type Books
Suppress in OPAC No
Holdings
Withdrawn status Lost status Source of classification or shelving scheme Damaged status Not for loan Collection Home library Current library Shelving location Date acquired Total Checkouts Full call number Barcode Date last seen Price effective from Koha item type
    Dewey Decimal Classification     Non-Fiction Footprints International School Library Network Toul Kork Campus Footprints International School Library Network Toul Kork Campus TTP Secondary Non-Fiction Bookshelves 12/02/2024   BLU 332.64 HB3717.B58 FISSE01349 12/02/2024 12/02/2024 Books